The effect of sugar palm molasses and rice bran on the quality of para grass silage at (celagrid),​ សិក្សាពីឥទ្ធិពលនៃស្កររងូ និងកន្ទុកដើម្បីបង្កើនគុណភាពនៃស្មៅបារាំងផ្អាប់នៅសែសអាគ្រីត (Record no. 2354)

000 -LEADER
fixed length control field 00710nam a22001577a 4500
003 - CONTROL NUMBER IDENTIFIER
control field OSt
005 - DATE AND TIME OF LATEST TRANSACTION
control field 20151020134038.0
008 - FIXED-LENGTH DATA ELEMENTS--GENERAL INFORMATION
fixed length control field 151020b xxu||||| |||| 00| 0 eng d
040 ## - CATALOGING SOURCE
Transcribing agency RUA
082 ## - DEWEY DECIMAL CLASSIFICATION NUMBER
Classification number AVM MEA 2010 B093 Or.1
100 ## - MAIN ENTRY--PERSONAL NAME
9 (RLIN) 2501
Personal name MEAS, MADINA.
245 ## - TITLE STATEMENT
Title The effect of sugar palm molasses and rice bran on the quality of para grass silage at (celagrid),​ សិក្សាពីឥទ្ធិពលនៃស្កររងូ និងកន្ទុកដើម្បីបង្កើនគុណភាពនៃស្មៅបារាំងផ្អាប់នៅសែសអាគ្រីត
260 ## - PUBLICATION, DISTRIBUTION, ETC. (IMPRINT)
Place of publication, distribution, etc. Phnom Penh
Name of publisher, distributor, etc. RUA
Date of publication, distribution, etc. 2010
300 ## - PHYSICAL DESCRIPTION
Extent ix; 32p.
Other physical details ill.
Dimensions 29cm.
942 ## - ADDED ENTRY ELEMENTS (KOHA)
Source of classification or shelving scheme
Koha item type AVM
Holdings
Price effective from Date last seen Permanent Location Not for loan Date acquired Source of classification or shelving scheme Koha item type Lost status Withdrawn status Date last checked out Total Checkouts Shelving location Damaged status Barcode Current Location Full call number
2015-10-202016-06-16Library Block B 2015-10-20 AVM  2016-06-071B093 RUA019921Library Block BAVM MEA 2010 B093 Or.1
2015-10-202023-12-20Library Block B 2015-10-20 AVM  2023-11-221B093 RUA019777Library Block BAVM MEA 2010 B093 Or.2
2015-10-202015-10-20Library Block B 2015-10-20 AVM    B093 RUA015604Library Block BAVM MEA 2010 B093 Or.3
2015-10-202016-10-07Library Block B 2015-10-20 AVM  2016-09-272B093 RUA015469Library Block BAVM MEA 2010 B093 Or.4
2015-10-202022-11-04Library Block B 2015-10-20 AVM  2022-10-241B093 RUA015675Library Block BAVM MEA 2010 B093 Or.5
2015-10-202015-10-20Library Block B 2015-10-20 AVM    B093 RUA015388Library Block BAVM MEA 2010 B093 Or.6
មជ្ឈមណ្ឌលឯការនៃសាកលវិទ្យាល័យភូមិន្ទកសិកម្មចំការដូង

Powered by Koha